Pomoc USA Slovenskej republike

Privatizácia, reštrukturalizácia hospodárstva, rozvoj finančného a podnikateľského sektora a iniciatívy demokratického pluralizmu - hlavné sféry pomoci USA Slovensku. Do konca júna poskytnutých približne 90 mil. USD prostredníctvom Slovensko-amerického podnikateľského fondu (Slovak American Enterpri...

Descripción completa

Guardado en:
Detalles Bibliográficos
Formato: Capítulo de libro
Lenguaje:eslovaco
Materias:
Etiquetas: Agregar Etiqueta
Sin Etiquetas, Sea el primero en etiquetar este registro!

MARC

LEADER 00000naa a2200000 4500
001 r024778
005 20221213114638.4
041 0 |a slo 
044 |a SK 
245 1 0 |a Pomoc USA Slovenskej republike 
520 |a Privatizácia, reštrukturalizácia hospodárstva, rozvoj finančného a podnikateľského sektora a iniciatívy demokratického pluralizmu - hlavné sféry pomoci USA Slovensku. Do konca júna poskytnutých približne 90 mil. USD prostredníctvom Slovensko-amerického podnikateľského fondu (Slovak American Enterprise Fund - SAEF), Agentúry USA pre medzinárodný rozvoj-USAID, Ministerstva financií USA (U.S. Treasury Department-DOT) a iných. Spôsob pomoci a jej výška pri riešení konkrétnych problémov. 
610 2 0 |a pomoc hospodárska 
610 2 0 |a pomoc finančná 
610 2 0 |a USA 
610 2 0 |a Slovensko 
610 2 0 |a SAEF 
610 2 0 |a USAID 
610 2 0 |a DOT 
610 2 0 |a privatizácia 
610 2 0 |a zmeny štruktúrne 
610 2 0 |a demokracia 
610 2 0 |a priemysel 
610 2 0 |a manažment 
610 2 0 |a energetika 
610 2 0 |a poľnohospodárstvo 
610 2 0 |a prostredie životné 
610 2 0 |a zdravie 
610 2 0 |a výstavba bytová